Loading...
| Mythology | 0 | 3 | 0 | 0 | 30 | 62 | 97.67 | 1 | 1 | 7.96 | 13.50 |
| Science - Other | 0 | 3 | 0 | 2 | 30 | 96 | 107.33 | 0 | 0 | 2.91 | 14.00 |
| Social Science | 0 | 2 | 0 | 0 | 20 | 59 | 92.50 | 0 | 1 | 4.35 | 14.00 |
| Literature - American | 0 | 2 | 0 | 0 | 20 | 74 | 82.00 | 1 | 1 | 8.44 | 15.00 |
| Literature - British | 0 | 2 | 0 | 0 | 20 | 108 | 112.50 | 0 | 1 | 3.50 | 10.25 |
| History - World | 0 | 1 | 0 | 1 | 10 | 121 | 121.00 | 0 | 0 | 0.00 | 2.00 |
| Fine Arts - Other | 0 | 1 | 0 | 0 | 10 | 72 | 72.00 | 0 | 1 | 4.63 | 9.00 |
| Philosophy | 0 | 1 | 0 | 0 | 10 | 101 | 101.00 | 0 | 1 | 1.72 | 8.00 |
| Religion | 0 | 1 | 0 | 1 | 10 | 119 | 119.00 | 0 | 0 | -0.08 | 2.00 |
| Literature - World/Other | 0 | 1 | 0 | 1 | 10 | 121 | 121.00 | 0 | 0 | 1.54 | 2.00 |
| Fine Arts - Visual | 0 | 1 | 0 | 0 | 10 | 67 | 67.00 | 0 | 1 | 4.85 | 8.00 |
| Geography/Current Events | 0 | 1 | 0 | 1 | 10 | 109 | 109.00 | 0 | 1 | 2.58 | 13.33 |
| History - American | 0 | 2 | 2 | 1 | 10 | 75 | 102.00 | 1 | 1 | 3.77 | 12.00 |
| History - Other | 0 | 1 | 0 | 1 | 10 | 107 | 107.00 | 0 | 0 | 0.09 | 2.00 |
| Science - Physics | 0 | 1 | 0 | 0 | 10 | 98 | 98.00 | 0 | 0 | 1.40 | 7.00 |
| History - European | 0 | 0 | 0 | 0 | 0 | 0.00 | 0 | 0 | 0.00 | 0.00 | |
| Other Academic | 0 | 0 | 1 | 0 | -5 | 0.00 | 0 | 0 | 0.00 | 0.00 | |
| Science - Chemistry | 0 | 0 | 1 | 0 | -5 | 0.00 | 0 | 0 | 0.00 | 0.00 |